000 00488nam a2200169 i 4500
001 93879
003 ES-MaACL
005 20231207063019.0
007 t|
008 050421s1973 sp ||||1| spa d
100 1 _aLópez Ibor, Juan José,
_d1906-1991
_973703
245 1 0 _aDe la noche oscura a la angustia /
_cJuan José López Ibor.
260 _aMadrid :
_bRialp,
_c1973.
300 _a250 p. ;
_c19 cm.
852 _aES-MaACL
_jC-56066
_bR.88712
999 _c93879
_d93879